[Event "ARG-chT"]
[Site "Villa Martelli"]
[Date "2016.10.01"]
[Round "2.10"]
[White "Villarreal, Hector"]
[Black "Ferrero, Luis"]
[Result "0-1"]
[WhiteElo "2103"]
[BlackElo "1829"]
[PlyCount "83"]
[EventDate "2016.09.24"]
[EventType "team-swiss"]
[EventRounds "9"]
[EventCountry "ARG"]
[SourceTitle "EXT 2017"]
[Source "ChessBase"]
[SourceDate "2016.10.25"]
[SourceVersion "1"]
[SourceVersionDate "2016.10.25"]
[SourceQuality "1"]
[WhiteTeam "La Banda del Oeste"]
[BlackTeam "San Isidro"]
[WhiteTeamCountry "ARG"]
[BlackTeamCountry "ARG"]

1. Nf3 d5 2. g3 c6 3. Bg2 Bf5 4. 0-0 Nf6 5. d3 h6 6. Nbd2 e6 7. c4 Nbd7 8. a3 a5 9. b3 Be7 10. Bb2 0-0 11. h3 Qb6 12. e4 Bh7 13. e5 Ne8 14. d4 Bd3 15. Re1 dxc4 16. Re3 Bh7 17. Nxc4 Qc7 18. Bc3 b5 19. Ncd2 Nb6 20. Bb2 Nd5 21. Re1 Qb6 22. Rc1 Rc8 23. Qe2 Nec7 24. Ne4 Bxe4 25. Qxe4 Na6 26. Re2 Rc7 27. Rec2 Rfc8 28. Bf1 c5 29. Bd3 g6 30. Qe2 cxd4 31. Bxb5 Rxc2 32. Rxc2 Rxc2 33. Qxc2 Qxb5 34. Nxd4 Qc5 35. Qd3 Nac7 36. h4 h5 37. Kg2 Kg7 38. Kf1 Qb6 39. Kg2 Bc5 40. Kg1 Bxd4 41. Bxd4 Qc6 42. Bb2 0-1